[Event "Addis Ababa zt 4.4"]
[Site "Addis Ababa"]
[Date "2022.05.07"]
[Round "8"]
[White "Osman Dahir, Mahamed"]
[Black "Moges, Flower Habtu"]
[Result "1-0"]
[WhiteElo "1824"]
[BlackElo "1836"]
[PlyCount "24"]
[EventDate "2022.05.02"]
[EventType "swiss"]
[EventRounds "9"]
[EventCountry "ETH"]
[SourceTitle "CBM 208 Extra"]
[Source "ChessBase"]
[SourceDate "2022.07.31"]
[SourceVersion "1"]
[SourceVersionDate "2022.07.31"]
[SourceQuality "1"]

1. Nf3 Nf6 2. d4 g6 3. c4 Bg7 4. Nc3 d5 5. a3 0-0 6. Bf4 c5 7. e3 Nc6 8. Be2 Qb6 9. 0-0 cxd4 10. exd4 e6 11. Nb5 Ne8 12. c5 Qa5 1-0

[Event "Addis Ababa zt 4.4"]
[Site "Addis Ababa"]
[Date "2022.05.03"]
[Round "3"]
[White "Moges, Flower Habtu"]
[Black "Haitham, Mohammed Abdalrasoo"]
[Result "1/2-1/2"]
[WhiteElo "1836"]
[BlackElo "1982"]
[PlyCount "52"]
[EventDate "2022.05.02"]
[EventType "swiss"]
[EventRounds "9"]
[EventCountry "ETH"]
[SourceTitle "CBM 208 Extra"]
[Source "ChessBase"]
[SourceDate "2022.07.31"]
[SourceVersion "1"]
[SourceVersionDate "2022.07.31"]
[SourceQuality "1"]

1. d4 Nf6 2. c4 c6 3. Nc3 d5 4. cxd5 cxd5 5. Nf3 g6 6. g3 Bg7 7. Bg2 0-0 8. 0-0 Nc6 9. Bf4 Nh5 10. Bg5 h6 11. Be3 e6 12. Rc1 f5 13. Qd2 Kh7 14. Bf4 Nxf4 15. gxf4 Bf6 16. Na4 Bd7 17. b3 Rc8 18. Rc2 b6 19. e3 Ne7 20. Nb2 Rxc2 21. Qxc2 Qc8 22. Rc1 Qxc2 23. Rxc2 Rc8 24. Rxc8 Bxc8 25. Nd3 Nc6 26. Bf1 Be7 1/2-1/2